Human personality and its survival of bodily death / (Record no. 30171)
[ view plain ]
| 000 -LEADER | |
|---|---|
| fixed length control field | 00840cam a22002771 4500 |
| 001 - CONTROL NUMBER | |
| control field | 30171 |
| 003 - CONTROL NUMBER IDENTIFIER | |
| rucl marc code | BD-RjUL |
| 005 - DATE AND TIME OF LATEST TRANSACTION | |
| control field | 20211209051526.0 |
| 008 - FIXED-LENGTH DATA ELEMENTS--GENERAL INFORMATION | |
| fixed length control field | 140409s1954 nyua 000 0 eng |
| 035 ## - SYSTEM CONTROL NUMBER | |
| System control number | (BD-RjUL)30256 |
| System control number | (OCoLC)736771 |
| 040 ## - CATALOGING SOURCE | |
| Original cataloging agency | DLC |
| Transcribing agency | OWibfC |
| Modifying agency | OCoLC |
| -- | DLC |
| -- | BD-RjUL |
| Language of cataloging | eng |
| 041 ## - LANGUAGE CODE | |
| Language code of text/sound track or separate title | eng |
| 082 ## - DEWEY DECIMAL CLASSIFICATION NUMBER | |
| Classification number | 133.88 |
| Author mark and year | MYH V-2 1954 |
| 100 1# - MAIN ENTRY--PERSONAL NAME | |
| Personal name | Myers, F. W. H. |
| Fuller form of name | (Frederic William Henry), |
| Dates associated with a name | 1843-1901. |
| 9 (RLIN) | 91740 |
| 245 10 - TITLE STATEMENT | |
| Title | Human personality and its survival of bodily death / |
| Statement of responsibility, etc. | Frederic W. H. Myers. |
| Number of part/section of a work | Vol. II |
| 250 ## - EDITION STATEMENT | |
| Edition statement | [New ed.] |
| 260 ## - PUBLICATION, DISTRIBUTION, ETC. (IMPRINT) | |
| Place of publication, distribution, etc. | New York : |
| Name of publisher, distributor, etc. | Longmans, Green, |
| Date of publication, distribution, etc. | c1954. |
| 300 ## - PHYSICAL DESCRIPTION | |
| Pagination | 2 v. |
| Illustrations | illus. |
| Size | 24 cm. |
| 650 #0 - SUBJECT ADDED ENTRY--TOPICAL TERM | |
| Topical term or geographic name as entry element | Personality. |
| 9 (RLIN) | 91741 |
| Topical term or geographic name as entry element | Immortality. |
| 9 (RLIN) | 91742 |
| Topical term or geographic name as entry element | Parapsychology. |
| 9 (RLIN) | 88182 |
| 942 ## - ADDED ENTRY ELEMENTS (KOHA) | |
| Source of classification or shelving scheme | Dewey Decimal Classification |
| Koha item type | Books |
| Lost status | Source of classification or shelving scheme | Damaged status | Not for loan | Permanent Location | Current Location | Shelving location | Date acquired | Source of acquisition | Cost, normal purchase price | Total Checkouts | Full call number | Date last seen | Copy number | Koha item type |
|---|---|---|---|---|---|---|---|---|---|---|---|---|---|---|
| Dewey Decimal Classification | Not For Loan | Central Library, University of Rajshahi | Central Library, University of Rajshahi | Reading Room | 24/09/1956 | A.B.C | 85.50 | 133.88 MYH V-2 1954 | 09/04/2014 | C-1 | Books |